Statistics for Places on the World Map Quiz #3

Click here to take the quiz!

General Stats

  • This quiz has been taken 110 times
  • The average score is 9 of 10

Answers on the Map

Answers color-coded by a green-red scale on the quiz's map according to % correct below.
Loading ...
 

Answer Stats

HintHintPlace% Correct
266294Brazil
100%
556185.9India
99%
California
98%
460.3130.6Turkey
98%
533100Kazakhstan
98%
Scotland
96%
433267.2Democratic Republic
of the Congo
95%
703.7282.4Papua New Guinea
94%
377202.2Mali
93%
Quebec
75%

Score Distribution

Percentile by Number Answered

Percent of People with Each Score

Your Score History

You have not taken this quiz